Competing by design : (Record no. 20020)

MARC details
000 -LEADER
fixed length control field 00765nam a22002297a 4500
003 - CONTROL NUMBER IDENTIFIER
control field OSt
008 - FIXED-LENGTH DATA ELEMENTS--GENERAL INFORMATION
fixed length control field 240111b1997 |||||||| |||| 00| 0 eng d
082 ## - DEWEY DECIMAL CLASSIFICATION NUMBER
Classification number 658.402
Item number NAD-C
100 ## - MAIN ENTRY--PERSONAL NAME
Personal name Nadler, David A.
245 ## - TITLE STATEMENT
Title Competing by design :
Remainder of title the power of organizational architecture /
Statement of responsibility, etc David A. Nadler, Michael L. Tushman and Mark B. Nadler.
260 ## - PUBLICATION, DISTRIBUTION, ETC. (IMPRINT)
Place of publication, distribution, etc New York :
Name of publisher, distributor, etc Oxford University Press ,
Date of publication, distribution, etc 1997.
300 ## - PHYSICAL DESCRIPTION
Extent / Pages xii, 240 p. ;
650 ## - SUBJECT ADDED ENTRY--TOPICAL TERM
Topical term or geographic name as entry element Organizational effectiveness
650 ## - SUBJECT ADDED ENTRY--TOPICAL TERM
Topical term or geographic name as entry element Competition
650 ## - SUBJECT ADDED ENTRY--TOPICAL TERM
Topical term or geographic name as entry element Organizational change-Management
650 ## - SUBJECT ADDED ENTRY--TOPICAL TERM
Topical term or geographic name as entry element Corporate reorganizations-Management
650 ## - SUBJECT ADDED ENTRY--TOPICAL TERM
Topical term or geographic name as entry element Organizational change
650 ## - SUBJECT ADDED ENTRY--TOPICAL TERM
Topical term or geographic name as entry element Corporate reorganizations
700 ## - ADDED ENTRY--PERSONAL NAME
Personal name Tushman, Michael L.
700 ## - ADDED ENTRY--PERSONAL NAME
Personal name Nadler, Mark B.
942 ## - ADDED ENTRY ELEMENTS (KOHA)
Source of classification or shelving scheme
Koha item type Books
Holdings
Withdrawn status Lost status Source of classification or shelving scheme Damaged status Not for loan Home library Current library Date acquired Total Checkouts Full call number Barcode Date last seen Copy number Bill Date Koha item type
          SOBD Library SOBD Library 11/01/2024   658.402 NAD-C1 SD1674 11/01/2024 1 11/01/2024 Books
Hosted, Implemented, Customized & Maintained by: BestBookBuddies

Powered by Koha